000 00932nam a2200265Ia 4500
003 OSt
005 20221005104811.0
006 a|||||r|||| 00| 0
007 ta
008 221004b |||||||| |||| 00| 0 hin d
020 _a9788189918227 (hbk)
024 _a26755
037 _bGift, 11/05/2016,
_cTextual
040 _aCRL
_cCRL
_bhin
041 _2hin
_ahin
082 _a4,10aW6, 152Q2
100 _aबिष्ट, पंकज, संपा.
245 0 _aमीडिया बाज़ार और लोकतंत्र
246 _aMīḍiyā bāज़ār aur lokatantra
260 _aदिल्ली
_bशिल्पायन भारत
_c2012
300 _a301पृ0
_ccm.
650 _aहिन्दी पत्रकारिता
942 _h4,10aW6, 152Q2
_cTEXL
_2cc
999 _c1013833
_d1013833